El sistema de salud de Mx̌ico

Bibliographic Details
Main Author: Frenk, Julio
Format: eBook
Language:Spanish
Published: Mx̌ico DF: Nostra Ediciones, 2015
Subjects:
Online Access:Acceso restringido

MARC

LEADER 00000nam a22000007a 4500
005 20170530220139.0
007 cr|||| |||
008 170530s2015 mx |||||s|||| 00||0 spa d
020 |a 978-607-8237-77-7 
035 |a 20298 
040 |a vLex 
090 |c 6727  |d 6727 
100 1 |a Frenk, Julio 
245 1 2 |a El sistema de salud de Mx̌ico  |h [Recurso electrn̤ico] /  |c Julio Frenk 
256 |a Servicio en ln̕ea 
260 |a Mx̌ico DF:  |b Nostra Ediciones,  |c 2015 
300 |a 1 recurso electrn̤ico 
500 |a La salud es un tema prioritario en la estructura de los Estados modernos, ya que, a partir de la definicin̤ y ejecucin̤ de polt̕icas pb︢licas encaminadas a la prevencin̤, investigacin̤ y tratamiento de las enfermedades, se fortalece el desarrollo y el nivel de bienestar de las sociedades. En esta obra se aborda el sistema mexicano de salud; su estructura, normatividad, financiamiento y cobertura, as ̕como los beneficios que ofrece a la poblacin̤. 
506 1 |a Disponible solo en los productos indicados  |d vLex Global  |d vLex Global (Academic Edition, excluding Law Schools)  |d vLex Global (U.S. Academic Edition, Law Schools)  |d vLex Global (U.S. Academic Edition, excluding Law Schools)  |d vLex Global (Academic Edition, Law Schools) 
650 0 4 |a Derecho Civil  |z Mx̌ico 
740 0 |a vLex Libros (Servicio en ln̕ea) 
856 4 0 |u http://vlex.com/source/sistema-de-salud-de-mexico-20298  |z Acceso restringido 
942 |c BOOK 
999 0 |a Civil law